The world's chief languages ; (Record no. 6457)
[ view plain ]
| 000 -LEADER | |
|---|---|
| fixed length control field | 00704nam a2200229 a 4500 |
| 001 - CONTROL NUMBER | |
| control field | 6457 |
| 003 - CONTROL NUMBER IDENTIFIER | |
| rucl marc code | UkOxU |
| 005 - DATE AND TIME OF LATEST TRANSACTION | |
| control field | 20211208234239.0 |
| 008 - FIXED-LENGTH DATA ELEMENTS--GENERAL INFORMATION | |
| fixed length control field | 110114s1954 enk 000 0 eng d |
| 035 ## - SYSTEM CONTROL NUMBER | |
| System control number | OCLC ocm03744268 from D960718M |
| 040 ## - CATALOGING SOURCE | |
| Original cataloging agency | TLM |
| Transcribing agency | TLM |
| Modifying agency | OCL |
| -- | EQO |
| Language of cataloging | eng |
| 041 ## - LANGUAGE CODE | |
| Language code of text/sound track or separate title | eng |
| 082 ## - DEWEY DECIMAL CLASSIFICATION NUMBER | |
| Edition number | 22 |
| Classification number | 400 |
| Author mark and year | PEW 1954 |
| 100 1# - MAIN ENTRY--PERSONAL NAME | |
| Personal name | Pei, Mario, |
| Dates associated with a name | 1901-1978 |
| 9 (RLIN) | 19283 |
| 245 14 - TITLE STATEMENT | |
| Title | The world's chief languages ; |
| Remainder of title | formerly, Languages for war and peace / |
| Statement of responsibility, etc. | Mario A. Pei. |
| 246 30 - VARYING FORM OF TITLE | |
| Title proper/short title | Languages for war and peace |
| 250 ## - EDITION STATEMENT | |
| Edition statement | 3rd ed. |
| 260 ## - PUBLICATION, DISTRIBUTION, ETC. (IMPRINT) | |
| Place of publication, distribution, etc. | London : |
| Name of publisher, distributor, etc. | George Allen & Unwin, |
| Date of publication, distribution, etc. | 1949 [Impressiom1954] |
| 300 ## - PHYSICAL DESCRIPTION | |
| Pagination | 663 p. ; |
| Size | 22 cm. |
| 650 #0 - SUBJECT ADDED ENTRY--TOPICAL TERM | |
| Topical term or geographic name as entry element | Language and languages. |
| 9 (RLIN) | 20327 |
| 942 ## - ADDED ENTRY ELEMENTS (KOHA) | |
| Source of classification or shelving scheme | Dewey Decimal Classification |
| Koha item type | Books |
| Lost status | Source of classification or shelving scheme | Damaged status | Not for loan | Collection code | Permanent Location | Current Location | Shelving location | Date acquired | Source of acquisition | Cost, normal purchase price | Total Checkouts | Full call number | Date last seen | Copy number | Koha item type |
|---|---|---|---|---|---|---|---|---|---|---|---|---|---|---|---|
| Dewey Decimal Classification | Not For Loan | Non-fiction | Central Library, University of Rajshahi | Central Library, University of Rajshahi | 23/01/1958 | B.H Black well | 5.04 | 400 PEW 1954 | 11/01/2014 | C-1 | Books |